Trabajo decente y equidad de género en América Latina /

Tallennettuna:
Bibliografiset tiedot
Päätekijä: Abramo, Laís
Muut tekijät: ed.
Aineistotyyppi: Teksti
Julkaistu: Santiago: OIT
Aiheet:
Tagit: Lisää tagi
Ei tageja, Lisää ensimmäinen tagi!

MARC

LEADER 00000 a a2200000 04500
001 35245
003
040
090 |a 1002 A161t  
100 |a Abramo, Laís  
245 |a Trabajo decente y equidad de género en América Latina /  |c Laís Abramo 
260 |a Santiago:   |b OIT  
300 |a 324 p.  
650 |a NEGOCIACIONES COMERCIALES  
650 |a INTEGRACION ECONOMICA  
650 |a ANALISIS DE GENERO  
650 |a AMERICA LATINA  
650 |a AMERICA DEL NORTE  
700 |a ed.  
999 |c 11688  |d 11688